000 00362nam a2200157Ia 4500
005 20250425161556.0
008 250425s9999 xx 000 0 und d
041 _aeng
082 _aIBM4381
245 0 _aSELECTED PROBLEMS OF SOLID-STATE CHEMISTRY
250 _aS.E.
260 _aS.L.
260 _aSin Pais
_bS.E.
_c1980
942 _c01
010 _a23350
999 _c211908
_d211908